| 000 | 00457nam a2200169 a 4500 | ||
|---|---|---|---|
| 005 | 20140310183204.0 | ||
| 008 | 030124s19uu xx 00 eng d | ||
| 020 | _a0449138143 | ||
| 050 |
_aPZ 7 _b.R988 1977 |
||
| 100 | _aRyan, Tom K. | ||
| 245 |
_aTumbleweeds roundup! / _cTom K. Ryan. |
||
| 260 |
_aGreenwich, Connecticut ; _bFawcett Gold Medal Book, _c1977. |
||
| 300 |
_a138 p. : _c17 cm. |
||
| 650 | _aFiction | ||
| 942 |
_cBK _2lcc |
||
| 999 |
_c19933 _d19933 |
||